Ecología, hidrología y suelos de páramos/ (Registro nro. 17459)
[ vista simple ]
| 000 -CABECERA | |
|---|---|
| Campo de control | 01302nam a22003257a 4500 |
| 005 - FECHA Y HORA DE LA ULTIMA TRANSACCION | |
| Campo de control | 20150624095427.0 |
| 008 - ELEMENTOS DE LONGITUD FIJA—INFORMACION GENERAL | |
| Campo de control | 150610b2012 ck ||||| |||| 00| 0 spa d |
| 020 ## - ISBN | |
| ISBN | 9789942115492 |
| 040 ## - FUENTE DE CATALOGACIÓN | |
| Agencia catalogadora original | Co-BoIAVH |
| Agencia transcriptora | Co-BoIAVH |
| 041 #0 - IDIOMA | |
| Código de idioma para texto/pista de sonido o título separado | Español |
| 044 ## - PAÍS DE PUBLICACIÓN | |
| País de publicación | Colombia |
| 082 #4 - NUMERO DE CLASIFICACION DECIMAL DEWEY | |
| Número de clasificación | 551.48 |
| Número del ítem | L791e |
| 100 1# - ASIENTO PRINCIPAL--NOMBRE PERSONAL | |
| Nombre personal | Llambí, Luis Daniel |
| 9 (RLIN) | 34204 |
| 245 1# - MENCION DE TITULO | |
| Título | Ecología, hidrología y suelos de páramos/ |
| Mención de responsabilidad | Llambí, Luis Daniel |
| 260 #3 - PUBLICACION, DISTRIBUCION, ETC. (PIE DE IMPRENTA) | |
| Lugar de publicación, distribución, etc. | Colombia: |
| Nombre del editor, distribuidor, etc. | Condensan, |
| Fecha de publicación, distribución, etc. | 2012. |
| 300 ## - DESCRIPCION FISICA | |
| Extensión | 283 p. |
| Otros detalles físicos | col., il., graf., tab. |
| Dimensiones | 30 cm. |
| 500 ## - NOTA GENERAL | |
| Nota general | Proyecto Páramo Andino- Paramos Andinos.<br/>Incluye Glosario. |
| 504 ## - NOTA DE BIBLIOGRAFIA, ETC. | |
| Nota de bibliografía | Bibliografía: p. 274-283 |
| 505 ## - NOTA DE CONTENIDO | |
| Nota de contenido | Un. 1: Ecología de parámos -- Un. 2 Hidrología -- Un. 3 Suelos. |
| 520 ## - NOTA DE RESUMEN, ETC. | |
| Nota de resumen | Se presentan los primeros cuatro módulos de la colección Páramo Andino que contienen las reflexiones y discusiones sobre la ecología y manejo sustentable del ecosistema en la región Andina. |
| 650 ## - ASIENTO SECUNDARIO DE MATERIA - TERMINO TEMATICO | |
| Término temático o nombre geográfico como elemento de entrada | Páramos |
| Subdivisión geográfica | América del Sur |
| 9 (RLIN) | 34723 |
| 650 ## - ASIENTO SECUNDARIO DE MATERIA - TERMINO TEMATICO | |
| Término temático o nombre geográfico como elemento de entrada | Hidrología |
| Subdivisión geográfica | América del Sur |
| 9 (RLIN) | 34724 |
| 650 ## - ASIENTO SECUNDARIO DE MATERIA - TERMINO TEMATICO | |
| Término temático o nombre geográfico como elemento de entrada | Suelo de tierras húmedas |
| Subdivisión geográfica | América del Sur |
| 9 (RLIN) | 34725 |
| 700 1# - ASIENTO SECUNDARIO - NOMBRE PERSONAL | |
| Nombre personal | Soto, Alejandra |
| 9 (RLIN) | 34209 |
| 700 1# - ASIENTO SECUNDARIO - NOMBRE PERSONAL | |
| Nombre personal | Célleri, Rolando |
| 9 (RLIN) | 34210 |
| 700 1# - ASIENTO SECUNDARIO - NOMBRE PERSONAL | |
| Nombre personal | De Bievre, Bert |
| 9 (RLIN) | 34211 |
| 700 1# - ASIENTO SECUNDARIO - NOMBRE PERSONAL | |
| Nombre personal | Ochoa, Boris |
| 9 (RLIN) | 34726 |
| 700 1# - ASIENTO SECUNDARIO - NOMBRE PERSONAL | |
| Nombre personal | Borja, Pablo |
| 9 (RLIN) | 34727 |
| 942 ## - ELEMENTOS ADICIONALES (KOHA) | |
| Sistema de clasificación | Dewey Decimal Classification |
| Tipo de ítem | Libro |
| Withdrawn status | Lost status | Sistema de Clasificación | Damaged status | No para préstamo | Colección | Inventariado | Ubicación Permanente | Ubicación actual | Fecha de adquisición | Fuente de Valor | Valor | Total Checkouts | Número topográfico | Inventario / Código de Barras | Date last seen | Ejemplar | Price effective from | Forma de adquisición | Tipo de material |
|---|---|---|---|---|---|---|---|---|---|---|---|---|---|---|---|---|---|---|---|
| Dewey Decimal Classification | General | Inventariado 2017 | Bogotá | Bogotá | 10/06/2015 | Instituto | 39000.00 | LB-551.48 L791e | 039061 | 10/06/2015 | Ej. 1 | 10/06/2015 | Libro |